Géographie: Pays et chaînes de montagnes - Statistiques

Statistiques générales
  • Ce quiz a été pris 2 348 fois
    2 268 depuis la dernière actualisation
  • Le résultat moyen est 12 sur 20
Statistiques - réponses
Chaîne Pays % Correct
Alpes Allemagne | Autriche | France | Italie | Liechtenstein | Monaco | Slovénie | Suisse
97%
Himalaya Bhoutan | Chine | Inde | Népal | Pakistan
97%
Cordillère des Andes Argentine | Bolivie | Chili | Colombie | Équateur | Pérou | Venezuela
95%
Cordillère australienne Australie
95%
Pyrénées Andorre | Espagne | France
91%
Rocheuses Canada | États-Unis
84%
Oural Russie | Kazakhstan
84%
Caucase (Grand et Petit) Arménie | Azerbaïdjan | Géorgie | Russie | Turquie
74%
Atlas Algérie | Maroc | Tunisie
73%
Sierra Nevada États-Unis ou Espagne
73%
Sierra Madre de Chiapas Guatemala | Honduras | Mexique | Salvador
60%
Carpates Autriche | Hongrie | Pologne | République tchèque | Roumanie | Serbie | Slovaquie | Ukraine
59%
Kunlun Shan Chine
59%
Tian Shan Chine | Kazakhstan | Kirghizistan | Ouzbékistan | Tadjikistan
58%
Altaï Chine | Kazakhstan | Mongolie | Russie
41%
Massif du Ngorongoro Tanzanie
35%
Alpes du Sud Nouvelle-Zélande
25%
Laurentides Canada
23%
Elbourz Iran
20%
Monts de Cristal Angola | Gabon | Guinée | R.D. Congo | Rép. du Congo
7%
Aucun quiz correspondant
Distribution des résultats
% des personnes avec chaque résultat
Percentile par nombre de réponses
Votre historique - résultats
Vous n’avez pas pris ce quiz depuis la dernière actualisation